Los hermeneutas de la noche : de Walter Benjamin a Paul Celan /
Interpretación sobre la postura crítica que han sosotenido diversos pensadores sobre las condiciones de la época moderna que les ha tocado presenciar. Entre los autores analizados se encuentran Walter Benjamin, Carl Schmitt, Jorge Luis Borges, Paul Celan, Gershom Scholem y Theodor Adorno.
Furkejuvvon:
| Váldodahkki: | |
|---|---|
| Eará dahkkit: | |
| Materiálatiipa: | Girji |
| Giella: | espánnjágiella |
| Almmustuhtton: |
Madrid, España :
Trotta,
2009, c2009
|
| Ráidu: | (Estructuras y Procesos. Filosofía)
|
| Fáttát: | |
| Fáddágilkorat: |
Eai fáddágilkorat, Lasit vuosttaš fáddágilkora!
|
MARC
| LEADER | 00000nam^a2200000^a^4500 | ||
|---|---|---|---|
| 001 | 000293275 | ||
| 005 | 20250521000000.0 | ||
| 009 | 20260310112133.797 | ||
| 020 | |a 978-84-9879-024-5 | ||
| 037 | |a Acervo Xavier Clavigero | ||
| 041 | |a ESP | ||
| 082 | |a 149. 97 |b FOR | ||
| 100 | |a Forster, Ricardo |e (autor) | ||
| 245 | 1 | 4 | |a Los hermeneutas de la noche : |b de Walter Benjamin a Paul Celan / |c R. Forster ; pról. de A. Sucasas. |
| 264 | 4 | |a Madrid, España : |b Trotta, |c 2009, c2009 | |
| 300 | |a 166 p. | ||
| 336 | |a texto |b txt |2 rdacontenido | ||
| 337 | |a sin mediación |b n |2 rdamedio | ||
| 338 | |a volumen |b nc |2 rdasoporte | ||
| 440 | 1 | |a (Estructuras y Procesos. |p Filosofía) | |
| 520 | |a Interpretación sobre la postura crítica que han sosotenido diversos pensadores sobre las condiciones de la época moderna que les ha tocado presenciar. Entre los autores analizados se encuentran Walter Benjamin, Carl Schmitt, Jorge Luis Borges, Paul Celan, Gershom Scholem y Theodor Adorno. | ||
| 649 | |a XX | ||
| 650 | |a Modernidad y Posmodernidad - |x Historia y Crítica - |x Tema Principal | ||
| 650 | |a Literatura Alemana - |x Historia y Crítica | ||
| 650 | |a Literatura Alemana - |y Siglo XX | ||
| 650 | |a Literatura Argentina - |x Historia y Crítica | ||
| 650 | |a Literatura Argentina - |y Siglo XX | ||
| 650 | |a Filosofía Alemana - |x Historia y Crítica | ||
| 650 | |a Filosofía del Siglo XX - |x Historia y Crítica | ||
| 650 | |a Adorno, Theodor W. | ||
| 650 | |a Benjamin, Walter | ||
| 650 | |a Schmitt, Carl | ||
| 650 | |a Borges, Jorge Luis | ||
| 650 | |a Scholem, Gershom | ||
| 600 | |a Celan, Paul | ||
| 700 | |a Sucasas, Alberto |e (pról.) | ||
| 910 | |a Fondo General | ||
| 920 | |a Impresos - Libros | ||
| 930 | |a Colección General | ||
| 905 | |a 101 | ||
| 901 | |a 0500179207 |b IT1 |c ACC |u 20250521 | ||
| 902 | |a https://opac.biblio.iteso.mx/vufind/Record/000293275 | ||